| 000 | 00439nam a2200181Ia 4500 | ||
|---|---|---|---|
| 005 | 20240823005145.0 | ||
| 008 | 240823s9999||||xx |||||||||||||| ||und|| | ||
| 041 | _aENGLISH | ||
| 082 | _A658.3152 N7 | ||
| 100 | _a"Marchington,Mick" | ||
| 245 | 0 | _aSucessfully Managing the Team | |
| 250 | _a1st | ||
| 260 |
_c1997 _b"Beacon,New Delhi" |
||
| 500 | _aYES | ||
| 650 |
_aManagement _bManagement Studies |
||
| 942 | _cBK | ||
| 999 |
_c154916 _d154916 |
||